[Event "7th Asia-ch"]
[Site "Subic Bay PHI"]
[Date "2009.05.16"]
[Round "4"]
[White "Torre, Eugenio"]
[Black "Al-Sayed, Mohamad Naser"]
[Result "0-1"]
[WhiteElo "2561"]
[BlackElo "2496"]
[EventDate "2009.05.13"]
[PlyCount "76"]

1.d4 d6 2.e4 Nf6 3.Nd2 e5 4.c3 Nbd7 5.Ngf3 g6 6.dxe5 dxe5 7.Bc4 Bg7 8.O-O 
O-O 9.Re1 Ne8 10.Bf1 Nc5 11.Qc2 a5 12.Nc4 Qe7 13.a4 Nd6 14.Nxd6 cxd6 15.
Be3 Ne6 16.Nd2 f5 17.f3 fxe4 18.fxe4 Nf4 19.Nc4 Be6 20.Rad1 Bh6 21.Kh1 Bg4
22.Rxd6 Rf7 23.Bc5 Qh4 24.Bf2 Qh5 25.Ne3 Kh8 26.Bc4 Rff8 27.Bg3 Rae8 28.
Nxg4 Qxg4 29.Bb5 Nh5 30.Bf2 Re7 31.Bc5 Ref7 32.Rdd1 Rc8 33.Qb3 Kg7 34.Bd6 
Bf4 35.Qd5 Bxh2 36.Bxe5+ Bxe5 37.Qxe5+ Kh6 38.Rd3 Qh4+ 0-1

[Event "7th Asia-ch"]
[Site "Subic Bay PHI"]
[Date "2009.05.16"]
[Round "4"]
[White "Moradiabadi, Elshan"]
[Black "Nolte, Rolando"]
[Result "1-0"]
[WhiteElo "2526"]
[BlackElo "2479"]
[EventDate "2009.05.13"]
[PlyCount "69"]

1.d4 d5 2.c4 c6 3.Nf3 Nf6 4.e3 e6 5.Bd3 Nbd7 6.O-O dxc4 7.Bxc4 b5 8.Be2 a6
9.b3 Bb7 10.Bb2 Bd6 11.Nbd2 c5 12.a4 b4 13.Nc4 Bc7 14.Nfe5 cxd4 15.Nxd7 
Qxd7 16.Bxd4 Nd5 17.Bf3 O-O 18.Qd2 a5 19.Rfd1 Qe7 20.e4 Nf4 21.Qe3 Qg5 22.
g3 e5 23.Bb6 Bxb6 24.Qxb6 Rfb8 25.h4 Qg6 26.Qe3 Re8 27.Kh2 Ne6 28.Nxe5 Qf6
29.Nc4 Red8 30.Bg2 Qe7 31.Qb6 Rdb8 32.Nxa5 Nc5 33.Rac1 Nxe4 34.Rc7 Qe5 35.
Rxb7 1-0

[Event "7th Asia-ch"]
[Site "Subic Bay PHI"]
[Date "2009.05.16"]
[Round "4"]
[White "Gonzales, Jayson"]
[Black "Antonio, Rogelio jr"]
[Result "1/2-1/2"]
[WhiteElo "2465"]
[BlackElo "2518"]
[EventDate "2009.05.13"]
[PlyCount "40"]

1.d4 Nf6 2.Nf3 g6 3.c4 Bg7 4.Nc3 O-O 5.e4 d6 6.h3 c5 7.d5 e6 8.Bd3 exd5 9.
exd5 Re8+ 10.Be3 Bh6 11.O-O Bxe3 12.fxe3 Qe7 13.e4 Rf8 14.Qd2 Ne8 15.Rf2 
Nd7 16.Raf1 f6 17.Qh6 Qg7 18.Qe3 Qe7 19.Qh6 Qg7 20.Qe3 Qe7 1/2-1/2

[Event "7th Asia-ch"]
[Site "Subic Bay PHI"]
[Date "2009.05.16"]
[Round "4"]
[White "Al-Huwar, Jasem"]
[Black "Kunte, Abhijit"]
[Result "1/2-1/2"]
[WhiteElo "2293"]
[BlackElo "2513"]
[EventDate "2009.05.13"]
[PlyCount "60"]

1.Nf3 Nf6 2.g3 d5 3.Bg2 c6 4.O-O Bg4 5.c4 e6 6.d3 Nbd7 7.cxd5 exd5 8.h3 
Bxf3 9.Bxf3 Bc5 10.Nc3 O-O 11.Qb3 Qb6 12.Qc2 Bd6 13.e3 Rfe8 14.Bd2 d4 15.
exd4 Qxd4 16.Be3 Qe5 17.d4 Qe6 18.Kg2 Nb6 19.Rfe1 Qd7 20.Rad1 Bf8 21.Qb3 
Nfd5 22.Bc1 Rad8 23.Ne4 Qc8 24.Nc5 Rxe1 25.Rxe1 Nf6 26.Be3 h6 27.a4 Re8 
28.Nxb7 Qxb7 29.a5 Nfd5 30.axb6 Qxb6 1/2-1/2

[Event "7th Asia-ch"]
[Site "Subic Bay PHI"]
[Date "2009.05.16"]
[Round "4"]
[White "Dimakiling, Oliver"]
[Black "Gao Rui"]
[Result "1/2-1/2"]
[WhiteElo "2426"]
[BlackElo "2500"]
[EventDate "2009.05.13"]
[PlyCount "89"]

1.d4 Nf6 2.Nf3 e6 3.e3 c5 4.Bd3 Nc6 5.O-O Be7 6.a3 b6 7.c4 d5 8.cxd5 exd5 
9.Ne5 Bd7 10.Nc3 O-O 11.Nxd7 Qxd7 12.dxc5 bxc5 13.Bb5 Qe6 14.Qa4 Rac8 15.
Bd2 Rfd8 16.Rae1 Qd6 17.h3 Bf8 18.Rd1 Qc7 19.Bc1 Qb6 20.Rfe1 h6 21.Ba6 Rb8
22.Bf1 Rbc8 23.g3 d4 24.exd4 cxd4 25.Ne4 Ne5 26.Bg2 Nxe4 27.Bxe4 d3 28.Bf4
Rc4 29.b4 d2 30.Re2 Nd3 31.Bxd3 Rxd3 32.Rexd2 Rxf4 33.gxf4 Rxh3 34.Kg2 Rh4
35.Qc2 Qe6 36.Qd3 Rxf4 37.Re2 Qg4+ 38.Kf1 Qh4 39.Ke1 Rf6 40.Qd8 Qh1+ 41.
Kd2 Qc6 42.Ke1 Qh1+ 43.Kd2 Qc6 44.Ke1 Qh1+ 45.Kd2 1/2-1/2

[Event "7th Asia-ch"]
[Site "Subic Bay PHI"]
[Date "2009.05.16"]
[Round "4"]
[White "Mahjoob, Morteza"]
[Black "Yu Yangyi"]
[Result "1-0"]
[WhiteElo "2498"]
[BlackElo "2433"]
[EventDate "2009.05.13"]
[PlyCount "71"]

1.c4 e6 2.d4 d5 3.Nf3 c6 4.e3 Nf6 5.Nbd2 Nbd7 6.Bd3 Bd6 7.O-O O-O 8.e4 e5 
9.cxd5 cxd5 10.Re1 Re8 11.exd5 exd4 12.Ne4 Nxe4 13.Bxe4 h6 14.Qxd4 Nf6 15.
Bd2 b6 16.Bc2 Rxe1+ 17.Rxe1 Bb7 18.Bc3 Bc5 19.Qh4 Nxd5 20.Qe4 g6 21.Bb3 
Kh7 22.Ne5 Rb8 23.Nxf7 Nxc3 24.Qf4 Qf8 25.bxc3 Rc8 26.h4 Qg7 27.Rd1 Bc6 
28.h5 gxh5 29.Qf5+ Qg6 30.Ng5+ hxg5 31.Qxc8 Qf6 32.Bc2+ Kh6 33.Rd2 g4 34.
Qg8 Bd6 35.Re2 Be5 36.Rxe5 1-0

[Event "7th Asia-ch"]
[Site "Subic Bay PHI"]
[Date "2009.05.16"]
[Round "4"]
[White "Ghaem Maghami, Ehsan"]
[Black "Sadorra, Julio Catalino"]
[Result "0-1"]
[WhiteElo "2593"]
[BlackElo "2451"]
[EventDate "2009.05.13"]
[PlyCount "84"]

1.e4 c5 2.Nf3 e6 3.c3 d5 4.exd5 Qxd5 5.d4 Nf6 6.Be3 Ng4 7.Nbd2 Nxe3 8.fxe3
Nc6 9.Bd3 Be7 10.O-O O-O 11.Qe2 Qh5 12.Be4 Bd7 13.Rad1 Rad8 14.a3 f5 15.
Bd3 a6 16.b4 cxb4 17.axb4 Bd6 18.e4 Kh8 19.Nc4 Bb8 20.Nb6 Be8 21.exf5 exf5
22.Rde1 Qh6 23.Qe6 Bg6 24.Na4 Rfe8 25.Qa2 Re3 26.Qc2 Rc8 27.Qd1 Rxf3 28.
Rxf3 Qxh2+ 29.Kf1 Bh5 30.Bxf5 Bxf3 31.Qxf3 Rf8 32.g4 g6 33.Nc5 gxf5 34.Ne6
Rg8 35.Qxf5 Qh3+ 36.Ke2 Qxg4+ 37.Qxg4 Rxg4 38.Nc5 b6 39.Nxa6 Re4+ 40.Kd1 
Rxe1+ 41.Kxe1 Bd6 42.b5 Na5 0-1

[Event "7th Asia-ch"]
[Site "Subic Bay PHI"]
[Date "2009.05.16"]
[Round "4"]
[White "Hoang Canh Huan"]
[Black "Al-Modiahki, Mohamad"]
[Result "0-1"]
[WhiteElo "2378"]
[BlackElo "2585"]
[EventDate "2009.05.13"]
[PlyCount "78"]

1.e4 c5 2.Nf3 Nc6 3.Bb5 d6 4.d4 cxd4 5.Qxd4 Bd7 6.Bxc6 Bxc6 7.Nc3 Nf6 8.
Bg5 e6 9.O-O-O Be7 10.Qd3 Qa5 11.h4 h6 12.Bxf6 Bxf6 13.Nd4 Rc8 14.f4 Qb6 
15.e5 dxe5 16.Nxc6 Qxc6 17.Ne4 Be7 18.fxe5 O-O 19.Rd2 Qa4 20.Kb1 Rcd8 21.
Qf3 Qb5 22.Qf4 Rxd2 23.Nxd2 f6 24.Re1 fxe5 25.Qg4 Qd5 26.Ne4 Rf4 27.Qg6 
Bxh4 28.Nc3 Qc4 29.Rd1 Rf1 30.b3 Rxd1+ 31.Nxd1 Qf1 32.Qxe6+ Kh7 33.Qd5 Bg5
34.g3 Qe1 35.a4 h5 36.Qf3 Kh6 37.Ka2 e4 38.Qf8 Qxd1 39.Qh8+ Kg6 0-1

[Event "7th Asia-ch"]
[Site "Subic Bay PHI"]
[Date "2009.05.16"]
[Round "4"]
[White "Ashwin, Jayaram"]
[Black "Filippov, Anton"]
[Result "0-1"]
[WhiteElo "2413"]
[BlackElo "2584"]
[EventDate "2009.05.13"]
[PlyCount "112"]

1.e4 e5 2.Nf3 Nc6 3.Bb5 a6 4.Ba4 Nf6 5.d3 d6 6.c3 Be7 7.O-O Bg4 8.Nbd2 Nd7
9.Re1 Nc5 10.Bc2 Ne6 11.Nf1 Bg5 12.h3 Bxc1 13.Rxc1 Bh5 14.Ng3 Bg6 15.d4 
Nf4 16.Ba4 Qf6 17.Nh2 O-O 18.d5 Ne7 19.c4 Qg5 20.Nf3 Qh6 21.c5 f5 22.cxd6 
cxd6 23.Rc7 fxe4 24.Nxe5 dxe5 25.Rxe7 Nd3 26.Re2 Rac8 27.Qd2 Nf4 28.Re3 
Qg5 29.d6 h5 30.h4 Qxh4 31.Rxe5 Qf6 32.Re7 Nd3 33.Bb3+ Kh7 34.Nxe4 Bxe4 
35.Rxd3 Bxd3 36.Qxd3+ Kh8 37.Qg3 h4 38.Qe3 Qxd6 39.Re4 Qf6 40.Re6 Qf4 41.
Qxf4 Rxf4 42.Rb6 Rc1+ 43.Kh2 Rxf2 44.Rxb7 Rb1 45.Rb4 g5 46.Rb8+ Kh7 47.Rg8
Rff1 48.Kh3 Rxb2 49.Rb8 Rh1+ 50.Kg4 Rxg2+ 51.Kh5 Kg7 52.Bd5 h3 53.Rb3 Kf6 
54.Re3 g4 55.a4 Rgg1 56.a5 h2 0-1

[Event "7th Asia-ch"]
[Site "Subic Bay PHI"]
[Date "2009.05.16"]
[Round "4"]
[White "Novita, Anjas"]
[Black "Paragua, Mark"]
[Result "1/2-1/2"]
[WhiteElo "2345"]
[BlackElo "2529"]
[EventDate "2009.05.13"]
[PlyCount "96"]

1.e4 c5 2.Nf3 d6 3.d4 cxd4 4.Nxd4 Nf6 5.Nc3 a6 6.f4 e6 7.Be3 Be7 8.Qf3 Qc7
9.O-O-O Nc6 10.Bd3 O-O 11.Kb1 Nd7 12.g4 Nxd4 13.Bxd4 b5 14.g5 Bb7 15.Rhg1 
Rfe8 16.Rg3 b4 17.Ne2 e5 18.fxe5 dxe5 19.Be3 Nc5 20.Bxc5 Qxc5 21.Rf1 Rf8 
22.Qh5 Qc6 23.b3 Qg6 24.Qg4 Bc8 25.Qf3 a5 26.h4 Ba6 27.Qf5 Qd6 28.Bxa6 
Qxa6 29.Rd3 a4 30.bxa4 Qxa4 31.Nc1 Rac8 32.Nb3 Qb5 33.Rf2 g6 34.Qd7 Qxd7 
35.Rxd7 Bd8 36.Rd5 f6 37.Rg2 fxg5 38.hxg5 Re8 39.Nc5 Be7 40.Nd3 Bf8 41.
Rxe5 Rxe5 42.Nxe5 Bg7 43.Nd3 Bc3 44.Rf2 Ra8 45.Rf4 Ra5 46.Rg4 Ra7 47.Rf4 
Ra5 48.Rg4 Ra7 1/2-1/2

[Event "7th Asia-ch"]
[Site "Subic Bay PHI"]
[Date "2009.05.16"]
[Round "4"]
[White "Khamrakulov, Dzhurabek"]
[Black "Wang Rui"]
[Result "1-0"]
[WhiteElo "2524"]
[BlackElo "2434"]
[EventDate "2009.05.13"]
[PlyCount "91"]

1.e4 e5 2.Nf3 d6 3.d4 exd4 4.Nxd4 Nf6 5.Nc3 Be7 6.g3 d5 7.e5 Ne4 8.Nxe4 
dxe4 9.Bf4 O-O 10.Bg2 f5 11.exf6 Bxf6 12.Nb5 Na6 13.c3 Bf5 14.O-O Rf7 15.
f3 e3 16.Re1 Qd3 17.Bf1 Qxd1 18.Raxd1 Be6 19.b3 c6 20.Nd6 Rd7 21.Ne4 Rxd1 
22.Nxf6+ gxf6 23.Rxd1 Re8 24.Re1 Nc5 25.Bxe3 Bd5 26.c4 Bf7 27.Kf2 Nd7 28.
f4 a6 29.Bh3 Nf8 30.Bd4 Rxe1 31.Kxe1 Be6 32.Bxe6+ Nxe6 33.Bxf6 Kf7 34.Be5 
Nc5 35.Ke2 b5 36.cxb5 cxb5 37.f5 Nd7 38.Bd4 Nb8 39.b4 Nc6 40.Bc3 Ne7 41.g4
h5 42.h3 Nd5 43.Kd3 Nf4+ 44.Ke4 Nxh3 45.gxh5 Ng5+ 46.Kd5 1-0

[Event "7th Asia-ch"]
[Site "Subic Bay PHI"]
[Date "2009.05.16"]
[Round "4"]
[White "Bui Vinh"]
[Black "Xiu Deshun"]
[Result "1-0"]
[WhiteElo "2522"]
[BlackElo "2422"]
[EventDate "2009.05.13"]
[PlyCount "53"]

1.d4 e6 2.Nf3 c5 3.e3 Nf6 4.c4 cxd4 5.exd4 b6 6.Nc3 Bb7 7.a3 d6 8.Bd3 Be7 
9.O-O O-O 10.d5 e5 11.b4 Nbd7 12.Bb2 b5 13.Nxb5 e4 14.c5 exf3 15.cxd6 fxg2
16.Re1 Bxd6 17.Nxd6 Bxd5 18.Nf5 Re8 19.Qd2 Re6 20.Qg5 Qf8 21.Bb5 Rd8 22.
Bxd7 Nxd7 23.Bxg7 Rg6 24.Qd2 Rxg7 25.Nxg7 Nf6 26.Nf5 h6 27.Qd4 1-0

[Event "7th Asia-ch"]
[Site "Subic Bay PHI"]
[Date "2009.05.16"]
[Round "4"]
[White "Toufighi, Homayoon"]
[Black "Batchuluun, Cegmed"]
[Result "1-0"]
[WhiteElo "2478"]
[BlackElo "2391"]
[EventDate "2009.05.13"]
[PlyCount "147"]

1.e4 e6 2.d4 d5 3.Nc3 Nf6 4.e5 Nfd7 5.Nf3 c5 6.Bg5 Qb6 7.dxc5 Bxc5 8.Qd2 
h6 9.Bh4 Qa5 10.Nb5 Qxd2+ 11.Kxd2 g5 12.Bg3 Kd8 13.c4 a6 14.Nd6 Bb4+ 15.
Kd1 Bxd6 16.exd6 dxc4 17.h4 g4 18.Ne5 Nxe5 19.Bxe5 Rg8 20.Bxc4 h5 21.Ke2 
Nc6 22.Bf6+ Kd7 23.Rhd1 b5 24.Bd3 Bb7 25.Rac1 Rgc8 26.Be4 Na5 27.Rc7+ Rxc7
28.dxc7+ Kxc7 29.Be5+ Kb6 30.Bxb7 Kxb7 31.Rd7+ Kc6 32.Rxf7 Nc4 33.Bc3 a5 
34.Rh7 b4 35.Bh8 Rd8 36.Rxh5 Rd2+ 37.Ke1 Rc2 38.b3 Na3 39.Re5 Rxa2 40.Re2 
Rxe2+ 41.Kxe2 Kd6 42.h5 Ke7 43.Kd3 Kf7 44.Be5 Nb5 45.Kc4 Na3+ 46.Kd3 Nb5 
47.Ke3 Kg8 48.Kf4 Kh7 49.Kxg4 Nc3 50.Kf3 a4 51.bxa4 Nxa4 52.Ke3 b3 53.Kd2 
Nb6 54.Kd3 Nd7 55.Bd4 e5 56.Bc3 Nc5+ 57.Kc4 Ne4 58.f3 Nd6+ 59.Kxb3 Nf5 60.
Bxe5 Nh4 61.g4 Nxf3 62.Bf4 Kg7 63.Kc3 Kf6 64.Kd3 Ne1+ 65.Ke4 Nc2 66.Bd2 
Na3 67.g5+ Kg7 68.Kf5 Nb5 69.h6+ Kg8 70.Bf4 Nd4+ 71.Kf6 Nf3 72.g6 Nh4 73.
Be5 Nf3 74.Bc3 1-0

[Event "7th Asia-ch"]
[Site "Subic Bay PHI"]
[Date "2009.05.16"]
[Round "4"]
[White "Pak, Evgeny"]
[Black "Villamayor, Buenaventura"]
[Result "1/2-1/2"]
[WhiteElo "2328"]
[BlackElo "2474"]
[EventDate "2009.05.13"]
[PlyCount "92"]

1.d4 d5 2.c4 c6 3.Nf3 Nf6 4.Nc3 e6 5.Bg5 h6 6.Bh4 Be7 7.e3 Nbd7 8.Qc2 a6 
9.cxd5 cxd5 10.a4 b6 11.Bd3 Bb7 12.O-O Rc8 13.Qe2 Ra8 14.Bg3 O-O 15.Nd2 
Nb8 16.f3 Nc6 17.Rac1 Bd6 18.Bh4 g5 19.Bg3 Bxg3 20.hxg3 Nh5 21.Kf2 Qd6 22.
f4 Nf6 23.Rh1 Kg7 24.Kg1 g4 25.Rh4 Ne7 26.Rxg4+ Nxg4 27.Qxg4+ Ng6 28.Qh5 
Bc6 29.Nf3 Be8 30.e4 dxe4 31.Bxe4 Rd8 32.f5 exf5 33.Bxf5 Qxg3 34.Ne2 Qd6 
35.Kf2 Bc6 36.Ne5 Bxa4 37.Rc3 Bb5 38.Rg3 Bxe2 39.Kxe2 Rfe8 40.Bxg6 Rxe5+ 
41.dxe5 Qd2+ 42.Kf3 Qd1+ 43.Ke3 Qc1+ 44.Kf3 Qd1+ 45.Ke3 Qc1+ 46.Kf3 Qd1+ 
1/2-1/2

[Event "7th Asia-ch"]
[Site "Subic Bay PHI"]
[Date "2009.05.16"]
[Round "4"]
[White "Hassan, Abdullah"]
[Black "Zhou Jianchao"]
[Result "1/2-1/2"]
[WhiteElo "2322"]
[BlackElo "2635"]
[EventDate "2009.05.13"]
[PlyCount "90"]

1.d4 Nf6 2.Nf3 g6 3.g3 Bg7 4.Bg2 O-O 5.O-O d6 6.c4 Nc6 7.Nc3 Bf5 8.d5 Na5 
9.Nd4 Bd7 10.b3 c5 11.Nc2 a6 12.Qd3 Rb8 13.Bb2 b5 14.Ne3 Ng4 15.Nxg4 Bxg4 
16.cxb5 axb5 17.Nd1 c4 18.Qd2 Bxb2 19.Qxb2 b4 20.h3 Bd7 21.bxc4 Nxc4 22.
Qd4 Bb5 23.Ne3 Qb6 24.Qxb6 Rxb6 25.Nc2 Na3 26.Nxa3 bxa3 27.Rfb1 Rfb8 28.
Rb3 Bxe2 29.Rxa3 Bc4 30.Ra4 Bd3 31.Rd4 Ba6 32.a4 Rb1+ 33.Rd1 R1b2 34.a5 
Kf8 35.Rdc1 Ke8 36.Rc6 Rb1+ 37.Rc1 Rxc1+ 38.Rxc1 Rb5 39.Ra1 Rc5 40.Bf1 Bb7
41.a6 Bxd5 42.a7 Rc8 43.Rb1 Kd7 44.Bg2 Bxg2 45.Kxg2 Ra8 1/2-1/2

[Event "7th Asia-ch"]
[Site "Subic Bay PHI"]
[Date "2009.05.16"]
[Round "4"]
[White "Hossain, Enamul"]
[Black "Elorta, David"]
[Result "1-0"]
[WhiteElo "2531"]
[BlackElo "2372"]
[EventDate "2009.05.13"]
[PlyCount "67"]

1.e4 c6 2.d4 d5 3.exd5 cxd5 4.c4 Nf6 5.Nc3 e6 6.Nf3 Be7 7.cxd5 Nxd5 8.Bd3 
Nc6 9.O-O O-O 10.Re1 Bf6 11.Be4 Nde7 12.Be3 Nb4 13.Bf4 Ned5 14.Bg3 b6 15.
a3 Na6 16.Ne5 Bb7 17.Nb5 Be7 18.f4 f6 19.Nd3 Qd7 20.Nc3 Rac8 21.Qf3 f5 22.
Bxd5 Bxd5 23.Nxd5 exd5 24.Ne5 Qd6 25.Rac1 Nb8 26.Qd3 g6 27.h4 Kg7 28.Bf2 
a6 29.h5 Rxc1 30.Rxc1 g5 31.fxg5 Bxg5 32.h6+ Kxh6 33.Qg3 Rf6 34.Nf7+ 1-0

[Event "7th Asia-ch"]
[Site "Subic Bay PHI"]
[Date "2009.05.16"]
[Round "4"]
[White "Nguyen Anh Dung"]
[Black "Pascua, Haridas"]
[Result "1/2-1/2"]
[WhiteElo "2518"]
[BlackElo "2359"]
[EventDate "2009.05.13"]
[PlyCount "40"]

1.e4 c5 2.Nf3 Nc6 3.c3 Nf6 4.e5 Nd5 5.d4 cxd4 6.Bc4 Nb6 7.Bb3 d6 8.exd6 
Qxd6 9.O-O Be6 10.Na3 Bxb3 11.Qxb3 e6 12.Nb5 Qb8 13.Rd1 Be7 14.Nbxd4 Nxd4 
15.Rxd4 O-O 16.Bf4 Qc8 17.Rad1 Qc5 18.Be3 Qc7 19.Bf4 Qc5 20.Be3 Qc7 
1/2-1/2

[Event "7th Asia-ch"]
[Site "Subic Bay PHI"]
[Date "2009.05.16"]
[Round "4"]
[White "Wan Yunguo"]
[Black "Yu Lie"]
[Result "1/2-1/2"]
[WhiteElo "2434"]
[BlackElo "2307"]
[EventDate "2009.05.13"]
[PlyCount "178"]

1.e4 c5 2.Nf3 Nc6 3.d4 cxd4 4.Nxd4 Nf6 5.Nc3 e5 6.Ndb5 d6 7.Nd5 Nxd5 8.
exd5 Nb8 9.c4 Be7 10.Be2 O-O 11.O-O Bd7 12.Nc3 f5 13.Rb1 a5 14.a3 Bf6 15.
Qb3 Na6 16.Be3 Qc8 17.Na4 Bxa4 18.Qxa4 Nc5 19.Qb5 Qd7 20.Qxd7 Nxd7 21.f3 
b6 22.b3 Nc5 23.Bd1 g6 24.Bc2 Rfc8 25.g4 f4 26.Bf2 Nd7 27.Bd3 Nc5 28.Rfd1 
Bd8 29.Bc2 Nd7 30.Rdc1 Ra7 31.Kf1 Rac7 32.Be1 Kf8 33.Bd3 Nc5 34.Ke2 Ke8 
35.Bc2 Nd7 36.Bd3 Nc5 37.Bc2 Nd7 38.a4 Nc5 39.Bf2 Kf8 40.h4 Kg7 41.g5 Kg8 
42.Rh1 Rg7 43.Rbg1 Bc7 44.h5 Kf7 45.Rg4 Re8 46.Be1 Bd8 47.Bc3 Rf8 48.Rhh4 
Rgg8 49.Kd2 Ke8 50.Kd1 Rf7 51.hxg6 hxg6 52.Rh6 Rfg7 53.Ke2 Be7 54.Rg2 Bd8 
55.Kf2 Kf7 56.Kg1 Nd7 57.b4 axb4 58.Bxb4 Bc7 59.Rgh2 Rc8 60.Rh8 Rxh8 61.
Rxh8 Nf8 62.Kf1 Rg8 63.Rh4 Rg7 64.Rh6 Ke7 65.Kg2 Rh7 66.Ba3 Rxh6 67.gxh6 
Kf6 68.a5 bxa5 69.c5 dxc5 70.Bxc5 Nh7 71.d6 Bd8 72.Ba7 Nf8 73.Bb8 Kg5 74.
Bc7 Bf6 75.h7 Kh6 76.Bb3 Kxh7 77.Bxa5 Kg7 78.Kf2 Nd7 79.Be6 Nc5 80.Bc8 e4 
81.Bb6 Na4 82.Ba5 Nc5 83.Bb6 Na4 84.Ba5 Nc5 85.Ke2 exf3+ 86.Kxf3 Kf7 87.
Kxf4 Ke8 88.Bh3 Kf7 89.Bg4 Nb7 1/2-1/2

[Event "7th Asia-ch"]
[Site "Subic Bay PHI"]
[Date "2009.05.16"]
[Round "4"]
[White "Causo, Deniel"]
[Black "Hafizulhelmi, Mas"]
[Result "0-1"]
[WhiteElo "2367"]
[BlackElo "2421"]
[EventDate "2009.05.13"]
[PlyCount "128"]

1.e4 c5 2.c3 g6 3.d4 cxd4 4.cxd4 d5 5.exd5 Nf6 6.Nc3 Bg7 7.Bb5+ Nbd7 8.d6 
exd6 9.Qe2+ Kf8 10.Nf3 h6 11.O-O Nb6 12.Re1 a6 13.Bd3 Nbd5 14.Nxd5 Nxd5 
15.Be4 Nf6 16.Bc2 Bd7 17.Bb3 Bb5 18.Qd1 Rc8 19.Bd2 Kg8 20.Rc1 Rxc1 21.Qxc1
Qd7 22.Qc2 Kh7 23.d5 Rc8 24.Bc3 Bc4 25.Bxc4 Rxc4 26.Qb3 Rc5 27.Rd1 Rb5 28.
Qc4 Rc5 29.Qb3 Qb5 30.Qxb5 axb5 31.Bxf6 Bxf6 32.b3 Rc2 33.Kf1 Rxa2 34.Nd4 
Bxd4 35.Rxd4 Rc2 36.Rb4 Rc5 37.Rd4 Kg7 38.Ke2 f5 39.f4 g5 40.g3 Kg6 41.
fxg5 hxg5 42.h4 Rc2+ 43.Kd3 Rg2 44.hxg5 Rxg3+ 45.Kc2 Kxg5 46.Rb4 Kf6 47.
Rxb5 Rg7 48.Kd3 Ke5 49.Ke3 f4+ 50.Kf3 Rc7 51.Rb4 Kxd5 52.Kxf4 Re7 53.Rc4 
b5 54.Rc8 Kd4 55.Rc6 Rf7+ 56.Kg4 d5 57.b4 Ke4 58.Re6+ Kd3 59.Rc6 d4 60.Rc5
Ke4 61.Rxb5 Rg7+ 62.Kh4 d3 63.Rb8 Rd7 64.Re8+ Kd4 0-1

[Event "7th Asia-ch"]
[Site "Subic Bay PHI"]
[Date "2009.05.16"]
[Round "4"]
[White "Nguyen Van Huy"]
[Black "Garcia, Jan Emmanuel"]
[Result "1-0"]
[WhiteElo "2423"]
[BlackElo "2292"]
[EventDate "2009.05.13"]
[PlyCount "85"]

1.e4 g6 2.d4 d6 3.Nc3 Nf6 4.g3 Bg7 5.Bg2 O-O 6.Nge2 Nbd7 7.O-O c5 8.h3 Rb8
9.Be3 b6 10.g4 cxd4 11.Bxd4 Bb7 12.Ng3 a6 13.Re1 h6 14.Qd2 Kh7 15.Rad1 e5 
16.Be3 Ne8 17.Bf1 Nc5 18.Nd5 a5 19.Bb5 Ba6 20.Bxa6 Nxa6 21.Nxb6 Rxb6 22.
Qxa5 Rb8 23.Qxa6 Rxb2 24.c4 Qb8 25.Qa3 Bf6 26.c5 dxc5 27.Bxc5 Rh8 28.Rd7 
Kg7 29.Qa6 Rh7 30.Qc4 Kg8 31.Red1 Qb5 32.Qxb5 Rxb5 33.R1d5 Rh8 34.Be3 Rb1+
35.Kg2 Bh4 36.Rxe5 Nf6 37.Ra7 Nh7 38.Re8+ Kg7 39.Bxh6+ Kxh6 40.Rxh8 Kg7 
41.Rxh7+ Kxh7 42.Rxf7+ Kg8 43.Rd7 1-0

[Event "7th Asia-ch"]
[Site "Subic Bay PHI"]
[Date "2009.05.16"]
[Round "4"]
[White "Bancod, Ronald"]
[Black "Lou Yiping"]
[Result "1/2-1/2"]
[WhiteElo "2356"]
[BlackElo "2410"]
[EventDate "2009.05.13"]
[PlyCount "102"]

1.d4 e6 2.Nf3 Nf6 3.c4 b6 4.g3 Bb7 5.Bg2 Be7 6.O-O O-O 7.Nc3 Ne4 8.Bd2 f5 
9.Rc1 Bf6 10.e3 a5 11.Qe2 d6 12.Rfd1 Nd7 13.Ne1 Qe8 14.Nb5 Rc8 15.b4 axb4 
16.Bxb4 Be7 17.f3 Nef6 18.Nd3 e5 19.Nf2 Kh8 20.a4 Qh5 21.Rd2 c5 22.Bc3 
cxd4 23.exd4 Rfe8 24.Bb4 exd4 25.f4 Qxe2 26.Rxe2 Bxg2 27.Kxg2 d3 28.Nxd3 
Ne4 29.g4 Ndf6 30.gxf5 d5 31.Bxe7 Rxe7 32.cxd5 Rxc1 33.Nxc1 Nxd5 34.Kf3 
Nc5 35.Re5 Rxe5 36.fxe5 Nxa4 37.Ke4 Ne7 38.Nd3 Kg8 39.e6 Kf8 40.Ke5 Nc6+ 
41.Kd6 Ne7 42.Nd4 Ke8 43.Nf4 Nb2 44.Nh5 Nc4+ 45.Kc7 Nd5+ 46.Kb7 g6 47.Ng3 
Nce3 48.fxg6 hxg6 49.Ne4 Ke7 50.Kc6 Nf4 51.Ng5 Nf5 1/2-1/2

[Event "7th Asia-ch"]
[Site "Subic Bay PHI"]
[Date "2009.05.16"]
[Round "4"]
[White "Murshed, Niaz"]
[Black "Celis, Solomon"]
[Result "1-0"]
[WhiteElo "2407"]
[BlackElo "2007"]
[EventDate "2009.05.13"]
[PlyCount "33"]

1.c4 e5 2.Nc3 Nf6 3.g3 Nc6 4.Bg2 Bb4 5.Nf3 Bxc3 6.bxc3 h6 7.O-O d6 8.Rb1 
Rb8 9.d3 O-O 10.Nh4 Be6 11.e4 Qd7 12.f4 Bh3 13.fxe5 Bxg2 14.Kxg2 dxe5 15.
Rxf6 gxf6 16.Nf5 Ne7 17.Qg4+ 1-0

[Event "7th Asia-ch"]
[Site "Subic Bay PHI"]
[Date "2009.05.16"]
[Round "4"]
[White "Chua, Aaron"]
[Black "Akshayraj, Kore"]
[Result "0-1"]
[WhiteElo "2116"]
[BlackElo "2404"]
[EventDate "2009.05.13"]
[PlyCount "64"]

1.e4 c5 2.Nf3 d6 3.d4 cxd4 4.Nxd4 Nf6 5.Nc3 Nc6 6.Bg5 e6 7.Be2 Be7 8.O-O 
a6 9.a4 O-O 10.Kh1 Bd7 11.Nb3 Na5 12.f4 Nxb3 13.cxb3 Bc6 14.Bd3 h6 15.Bh4 
d5 16.e5 Ne4 17.Be1 Kh8 18.Qh5 f5 19.exf6 Bxf6 20.Rd1 Qe8 21.Qg4 e5 22.
Nxe4 dxe4 23.Bc4 exf4 24.Rxf4 Bxb2 25.Bb4 Rxf4 26.Qxf4 Bf6 27.Rd6 Qe5 28.
Qf1 Re8 29.Bf7 Rd8 30.Re6 Qf4 31.Qe1 Bh4 32.g3 Qxf7 0-1

[Event "7th Asia-ch"]
[Site "Subic Bay PHI"]
[Date "2009.05.16"]
[Round "4"]
[White "Priyadharshan, Kannappan"]
[Black "Kim, Alexey"]
[Result "1/2-1/2"]
[WhiteElo "2411"]
[BlackElo "2481"]
[EventDate "2009.05.13"]
[PlyCount "92"]

1.e4 c5 2.Nf3 d6 3.d4 cxd4 4.Nxd4 Nf6 5.Nc3 a6 6.h3 e6 7.g4 Be7 8.Bg2 Qc7 
9.Be3 Nc6 10.Nb3 b5 11.f4 Bb7 12.Qe2 Rc8 13.a3 Na5 14.g5 Nd7 15.Nxa5 Qxa5 
16.O-O Qc7 17.f5 Qc4 18.Qg4 Ne5 19.Qg3 g6 20.Rad1 gxf5 21.exf5 Bxg2 22.
Qxg2 Rg8 23.fxe6 fxe6 24.Ne4 Qxc2 25.Rd2 Qc6 26.Bd4 Nc4 27.Re2 e5 28.Qf3 
Kd8 29.Bc3 Bxg5 30.Qf7 Qe8 31.Kh1 Qxf7 32.Rxf7 Be7 33.Rxh7 d5 34.Nf2 e4 
35.Ng4 Rc6 36.Rf2 Re6 37.b3 Nd6 38.Ne5 e3 39.Rc2 b4 40.Nc6+ Ke8 41.Bxb4 
Bf8 42.Nd4 Rf6 43.Re2 Rg7 44.Rxg7 Bxg7 45.Bxd6 Rxd6 46.Nf5 Rg6 1/2-1/2

[Event "7th Asia-ch"]
[Site "Subic Bay PHI"]
[Date "2009.05.16"]
[Round "4"]
[White "Nguyen Hoang Nam"]
[Black "Gundavaa, Bayarsaihan"]
[Result "1/2-1/2"]
[WhiteElo "2281"]
[BlackElo "2461"]
[EventDate "2009.05.13"]
[PlyCount "91"]

1.e4 c5 2.Nf3 d6 3.d4 cxd4 4.Nxd4 Nf6 5.Nc3 a6 6.Be2 e5 7.Nb3 Be7 8.O-O 
O-O 9.Be3 Be6 10.Qd2 b5 11.a4 b4 12.Nd5 Bxd5 13.exd5 a5 14.Bb5 Ng4 15.c3 
bxc3 16.Qxc3 f5 17.Bd2 Bg5 18.Be1 e4 19.Nxa5 Bf6 20.Qd2 Be5 21.g3 Qf6 22.
Nc4 f4 23.Qe2 Qf5 24.f3 fxg3 25.Nxe5 Nxe5 26.fxe4 gxh2+ 27.Kh1 Qc8 28.
Rxf8+ Qxf8 29.Bc3 Nbd7 30.Rf1 Qe7 31.Kxh2 Qh4+ 32.Kg1 Nf6 33.Qg2 Nfg4 34.
Bd4 Nf6 35.Bc6 Rf8 36.a5 Nfg4 37.Rxf8+ Kxf8 38.Bxe5 dxe5 39.d6 Kg8 40.Bd5+
Kh8 41.Qf3 Qe1+ 42.Kg2 h5 43.d7 Qd2+ 44.Kg1 Qe1+ 45.Kg2 Qd2+ 46.Kg1 
1/2-1/2

[Event "7th Asia-ch"]
[Site "Subic Bay PHI"]
[Date "2009.05.16"]
[Round "4"]
[White "Garma, Edgardo"]
[Black "Zhang Ziyang"]
[Result "0-1"]
[WhiteElo "2421"]
[BlackElo "2419"]
[EventDate "2009.05.13"]
[PlyCount "64"]

1.e4 c5 2.Nf3 d6 3.d4 cxd4 4.Nxd4 Nf6 5.Nc3 Nc6 6.Bg5 e6 7.f4 Be7 8.Be2 a6
9.Bf3 Bd7 10.a4 Rc8 11.Nb3 Na5 12.Qe2 O-O 13.e5 dxe5 14.fxe5 Nd5 15.Bxe7 
Nxe7 16.O-O-O Nxb3+ 17.cxb3 Qc7 18.Be4 b5 19.Qd3 Rfd8 20.Bxh7+ Kf8 21.Qd6 
Qxd6 22.exd6 Nd5 23.axb5 g6 24.bxa6 Kg7 25.a7 Kxh7 26.Kb1 Ra8 27.Nxd5 exd5
28.Rxd5 Rxa7 29.Re1 Rc8 30.Re7 Bf5+ 31.Rxf5 Rxe7 32.dxe7 gxf5 0-1

[Event "7th Asia-ch"]
[Site "Subic Bay PHI"]
[Date "2009.05.17"]
[Round "5"]
[White "Sandipan, Chanda"]
[Black "Le Quang Liem"]
[Result "1/2-1/2"]
[WhiteElo "2558"]
[BlackElo "2591"]
[EventDate "2009.05.13"]
[PlyCount "50"]

1.e4 e5 2.Nf3 Nf6 3.Nxe5 d6 4.Nf3 Nxe4 5.d4 d5 6.Bd3 Be7 7.O-O Nc6 8.Re1 
Bg4 9.c4 Nf6 10.Nc3 O-O 11.cxd5 Nxd5 12.h3 Be6 13.a3 Re8 14.Qc2 h6 15.Be3 
Qd7 16.Nxd5 Bxd5 17.Ne5 Qd6 18.Bf5 Bf6 19.Nxc6 bxc6 20.Bd3 a5 21.Rac1 a4 
22.Bc4 Be4 23.Bd3 Bd5 24.Bc4 Be4 25.Bd3 Bd5 1/2-1/2

[Event "7th Asia-ch"]
[Site "Subic Bay PHI"]
[Date "2009.05.17"]
[Round "5"]
[White "Rahman, Ziaur"]
[Black "Djao Thien Hai"]
[Result "1/2-1/2"]
[WhiteElo "2523"]
[BlackElo "2546"]
[EventDate "2009.05.13"]
[PlyCount "61"]

1.Nf3 d5 2.d4 Nf6 3.e3 Bf5 4.c4 e6 5.Nc3 c6 6.Nh4 Bg6 7.Qb3 Qc7 8.h3 Nbd7 
9.Nxg6 hxg6 10.Bd2 Be7 11.Bd3 dxc4 12.Bxc4 O-O 13.Rc1 Rad8 14.O-O e5 15.
Rfd1 exd4 16.Nb5 Qb6 17.Nxd4 Ne5 18.Be2 Qxb3 19.Nxb3 Ne4 20.Be1 Rxd1 21.
Rxd1 Rd8 22.Rxd8+ Bxd8 23.Na5 b6 24.f4 bxa5 25.fxe5 Bb6 26.Kf1 Bxe3 27.Bf3
Nd2+ 28.Bxd2 Bxd2 29.Bxc6 Bc1 30.Bd5 Bxb2 31.e6 1/2-1/2